<?xml version="1.0" encoding="UTF-8"?><?xml-stylesheet type="text/xsl" href="static/style.xsl"?><OAI-PMH xmlns="http://www.openarchives.org/OAI/2.0/" xmlns:xsi="http://www.w3.org/2001/XMLSchema-instance" xsi:schemaLocation="http://www.openarchives.org/OAI/2.0/ http://www.openarchives.org/OAI/2.0/OAI-PMH.xsd"><responseDate>2026-04-27T19:52:57Z</responseDate><request verb="GetRecord" identifier="oai:uvadoc.uva.es:10324/3444" metadataPrefix="marc">https://uvadoc.uva.es/oai/request</request><GetRecord><record><header><identifier>oai:uvadoc.uva.es:10324/3444</identifier><datestamp>2021-09-14T09:09:41Z</datestamp><setSpec>com_10324_38</setSpec><setSpec>col_10324_852</setSpec></header><metadata><record xmlns="http://www.loc.gov/MARC21/slim" xmlns:doc="http://www.lyncode.com/xoai" xmlns:xsi="http://www.w3.org/2001/XMLSchema-instance" xmlns:dcterms="http://purl.org/dc/terms/" xsi:schemaLocation="http://www.loc.gov/MARC21/slim http://www.loc.gov/standards/marcxml/schema/MARC21slim.xsd">
<leader>00925njm 22002777a 4500</leader>
<datafield tag="042" ind1=" " ind2=" ">
<subfield code="a">dc</subfield>
</datafield>
<datafield tag="720" ind1=" " ind2=" ">
<subfield code="a">Blasco Martín, José Miguel</subfield>
<subfield code="e">author</subfield>
</datafield>
<datafield tag="260" ind1=" " ind2=" ">
<subfield code="c">2013</subfield>
</datafield>
<datafield tag="520" ind1=" " ind2=" ">
<subfield code="a">En un mundo tan físico y superficial, donde la imagen y la apariencia física premian más que otros aspectos, una persona con minusvalía es muchas veces tachada de inútil y de ser un estorbo para la sociedad. Como maestro, me parece importante concienciar a los alumnos de la tolerancia, el respeto y la ayuda que hay que prestar a aquellas personas que padezcan cualquier tipo de minusvalía, y lo importante que es no dejarles de lado. Es necesario inculcar a nuestros alumnos unos valores que les permitan crecer no solo en lo académico sino también como personas. Una buena manera de promover estos valores es con el cine; una herramienta de trabajo poco usada en el aula y que puede hacer que aprender sea más ameno para ellos. Por ello, a través del cine como recurso pedagógico y mediante una serie de fragmentos seleccionados de tres películas que son referentes en el mundo del cine, pretendo hacer una intervención didáctica para una clase de sexto de Primaria</subfield>
</datafield>
<datafield tag="024" ind2=" " ind1="8">
<subfield code="a">http://uvadoc.uva.es/handle/10324/3444</subfield>
</datafield>
<datafield ind1=" " ind2=" " tag="653">
<subfield code="a">Cine en la educación</subfield>
</datafield>
<datafield ind1=" " ind2=" " tag="653">
<subfield code="a">Discapacitados-Educación física</subfield>
</datafield>
<datafield tag="245" ind1="0" ind2="0">
<subfield code="a">La aplicación del cine en la Educación Física con la discapacidad física como tema de fondo</subfield>
</datafield>
</record></metadata></record></GetRecord></OAI-PMH>